The Nature of Space and Time /

保存先:
書誌詳細
第一著者: Hawking, Stephen W. (autor)
その他の著者: Penrose, Roger (autor) (autor)
フォーマット: 図書
言語:英語
出版事項: Princeton, EUA : Princeton University, 1995, c1995
タグ: タグ追加
タグなし, このレコードへの初めてのタグを付けませんか!

MARC

LEADER 00000nam^a2200000^a^4500
001 000578118
005 20250521000000.0
009 20260310132502.197
020 |a 0-691-03791-4 
037 |a Acervo ITESO - Biblioteca 
041 |a ING 
091 |a FLG. 00316 
100 |a Hawking, Stephen W.  |e (autor) 
245 1 4 |a The Nature of Space and Time / 
264 4 |a Princeton, EUA :  |b Princeton University,  |c 1995, c1995 
300 |a 141 p. 
336 |a texto  |b txt  |2 rdacontenido 
337 |a sin mediación  |b n  |2 rdamedio 
338 |a volumen  |b nc  |2 rdasoporte 
649 |a XX 
700 |a Penrose, Roger  |e (autor) 
910 |a Fondo Luis González de Alba 
920 |a Impresos - Libros 
930 |a Fondos Especiales 
905 |a 141 
901 |a 0500397328  |b IT2  |c ESP  |i D103727  |u 20250521 
902 |a https://opac.biblio.iteso.mx/vufind/Record/000578118